Diseno, construccion y puesta en marcha de una columna de burbujeo
Gorde:
| Egile nagusia: | |
|---|---|
| Formatua: | Tesis Liburua |
| Hizkuntza: | Undetermined |
| Argitaratua: |
1985
|
| Gaiak: | |
| Etiketak: |
Etiketa erantsi
Etiketarik gabe, Izan zaitez lehena erregistro honi etiketa jartzen!
|
MARC
| LEADER | 00000nam a2200000Ia 4500 | ||
|---|---|---|---|
| 001 | 2989 | ||
| 008 | 140114s9999 xx 000 0 und d | ||
| 100 | |a Cordero Fernandez, Marvin | ||
| 245 | |a Diseno, construccion y puesta en marcha de una columna de burbujeo | ||
| 260 | |c 1985 | ||
| 500 | |a NULL | ||
| 502 | |a Escuela de ingenieria Quimica | ||
| 650 | |z COLUMNA DE BURBUJEO | ||
| 999 | |c 11698 |d 11698 | ||
